01044 2200241 4500001002100000005001500021008004100036020001900077035001900096041000800115082000800123084001400131100002100145245004200166250000600208260003600214300002800250500002500278520036300303650004200666650004200708650005200750INLIS00000000000087020200508201228200508||||||||| | ||| |||| ||eng|| a0-421-57650-2x 0010-0520000870 aeng0 a342 a342/PHI/C0 aO. Hood Phillips00aConstitutional and Administrative Law a8 aLondonbSweet and Maxwellc2001 acxxvi; 855 halc855 hal aIndeks : hal 819-855 aHood Phillips: Constitutional and Administrative Law is widely recognised as the leading text in its field and the most comprehensive guide to this increasingly complex area of law. This edition has been extensively revised within the existing structure to include changes and provide a contemporary survey of all aspects of public law in the United Kingdom. 0a1. Constitutional Law - Great Britain 0a2. Administrative Law - Great Britain 0a3. Constitutional Law - Common Wealth Countries